00350 a2200145 4500001000700000020001800007041000800025100002200033250001700055300001200072856002400084040002500108245003800133260003300171110489 a9781554532285 apor aEdwards, Wallace. a1st pbk. ed. a[32] p. u000019/000019ef.jpg aBR-BrIDEAcBR-BrIDEA10aMonkey businessc Wallace Edwards a[S.l.]bKids Can Pressc2008